Building an executive-legislative partnership for performance budgeting : hearing before the Committee on the Budget, House of Representatives, One Hundred Eleventh Congress, first session, hearing held in Washington, DC, November 17, 2009.

Bibliographic Details
Corporate Author: United States. Congress. House. Committee on the Budget
Format: Government Document eBook
Language:English
Published: Washington : U.S. G.P.O., 2010.
Subjects:
Online Access:Electronic resource (PDF)

MARC

Tag First Indicator Second Indicator Subfields
LEADER 00000cam a22000001a 4500
001 in00004100618
005 20200117091329.0
006 m d f
007 cr bn mmmapmmp
008 100514s2010 dcu o f000 0 eng d
035 |a chdc201000191 
040 |a UMI  |c UMI  |d UtOrBLW 
042 |a pcc 
043 |a n-us--- 
074 |a 1035-B-01 
086 0 |a Y 4.B 85/3:111-17 
088 |a Serial no. 111-17 (United States. Congress. House. Committee on the Budget) 
110 1 |a United States.  |b Congress.  |b House.  |b Committee on the Budget.  |0 http://id.loc.gov/authorities/names/n79018039 
245 1 0 |a Building an executive-legislative partnership for performance budgeting :  |b hearing before the Committee on the Budget, House of Representatives, One Hundred Eleventh Congress, first session, hearing held in Washington, DC, November 17, 2009. 
246 3 |a Building an executive legislative partnership for performance budgeting 
264 1 |a Washington :  |b U.S. G.P.O.,  |c 2010. 
264 2 |a Washington :  |b For sale by the Supt. of Docs., U.S. G.P.O. 
300 |a iii, 30 pages, digital, PDF file. 
336 |a text  |b txt  |2 rdacontent 
337 |a computer  |b c  |2 rdamedia 
338 |a online resource  |b cr  |2 rdacarrier 
500 |a Shipping list number: 2010-0239-P. 
500 |a "Serial number 111-17." 
500 |a Record is based on bibliographic data in ProQuest Congressional Hearings Digital Collection. Reuse except for individual research requires license from ProQuest, LLC. 
500 |a Electronic resource. 
533 |a Electronic reproduction.  |b [Bethesda, Md.] :  |c ProQuest,  |d 2010.  |e digital, PDF file.  |n ProQuest U.S. Congressional Hearings Digital Collection.  |n Mode of access: World Wide Web via ProQuest website. 
538 |a System requirements: PDF reader software. 
650 0 |a Budget  |z United States.  |0 http://id.loc.gov/authorities/subjects/sh85017604 
650 0 |a Program budgeting  |z United States.  |0 http://id.loc.gov/authorities/subjects/sh2008110090 
650 0 |a Government productivity  |z United States.  |0 http://id.loc.gov/authorities/subjects/sh2008105368 
776 0 8 |i Print version:   |a United States. Congress. House. Committee on the Budget.  |t Building an executive-legislative partnership for performance budgeting  |w 9780160857119  |w 0160857112  |w (OCoLC)614396420 
776 0 8 |i Microfiche version:   |a United States. Congress. House. Committee on the Budget.  |t Building an executive-legislative partnership for performance budgeting  |d [Bethesda, Md.] : ProQuest,[2010]  |o CIS 2010 H261-12  |w (ProQuest)cis01000247  
856 4 0 |u http://proxy.library.tamu.edu/login?url=http://search.proquest.com/congcomp/getdoc?HEARING-ID=HRG-2009-BGH-0018  |y Electronic resource (PDF)  |t 0 
998 |a cis01000247  
999 f f |s 126f2d80-091e-3c61-8a01-e0bdef6f8bb0  |i 1d121064-7d87-3f76-821a-295976b26f14  |t 0 
952 f f |a Texas A&M University  |b College Station  |c Electronic Resources  |d Available Online  |t 0  |e Y 4.B 85/3:111-17  |h Superintendent of Documents classification 
998 f f |a Y 4.B 85/3:111-17  |t 0  |l Available Online